| 000 | 01434nam a22003135i 4500 | ||
|---|---|---|---|
| 001 | 195818 | ||
| 003 | ES-MaACL | ||
| 005 | 20250309063127.0 | ||
| 008 | 240720s2009 sp a f 001 0 spa d | ||
| 017 | _aCO 1341-2008 | ||
| 020 | _a9788493502171 | ||
| 035 | _aRebiun13823710 | ||
| 040 |
_aUCA-HUM _bspa _cES-MaACL |
||
| 100 |
_aGarcía Contreras, Rafael _9237307 |
||
| 245 | 1 | 0 |
_aSusurros de libertad : _bmemorias / _cRafael García Contreras |
| 250 | _a2{u00AA} ed | ||
| 260 |
_aCórdoba : _bPuntoreklamo, _c2009 |
||
| 300 |
_a214 p. : _bil. ; _c24 cm |
||
| 336 |
_2rdacontent _atexto |
||
| 337 |
_2rdamedia _asin mediación |
||
| 338 |
_2rdacarrier _avolumen |
||
| 520 | _aMaestro de taller de la Empresa Cenemesa posterior Westinghouse. Luchador sindical, fue unos de los fundadores de CC.OO. en dicha Empresa junto a Manuel Rubia Molero. Difundió las ideas comunistas entre los trabajadores, llegando a padecer encarcelamiento por dicho motivo. Senador electo por Córdoba formado parte de Izquierda Unida en la legislatura de 1989. | ||
| 600 | 0 |
_aGarcía Contreras, Rafael _9237307 |
|
| 852 |
_aES-MaACL _bR.153211 _cDEPOJ _jN-8831 _hDonación: Editorial _xEncuadernación: rústica con solapas _9204677 |
||
| 942 |
_2udc _cMONOGRAFIA _n0 |
||
| 954 | _iTatiana Alejandra de Castro Pérez | ||
| 999 |
_c195818 _d195818 |
||